Logo BPK

Biblioteka

Politechniki Koszalińskiej

Data structures and algorithms in Java / (Rekord nr 46125)

Szczegóły MARC
000 -ETYKIETA REKORDU
podpole kontrolne o stałej długości 00754nam a2200253 i 4500
001 - NUMER KONTROLNY REKORDU
pole kontrolne bg
020 ## - MIĘDZYNARODOWY ZNORMALIZOWANY NUMER KSIĄŻKI - ISBN
ISBN 0471193089
040 ## - ŹRÓDŁO KATALOGOWANIA
Instytucja, która utworzyła rekord BPK
041 0# - KOD JĘZYKA
Kod języka tekstu eng
080 ## - UNIWERSALNA KLASYFIKACJA DZIESIĘTNA - UKD
UKD 004.438(07)
920 ## - Międzynarodowy znormalizowany numer książki – ISBN
ISBN 0-471-19308-9
008 - POLE O STAŁEJ DŁUGOŚCI - DANE KONTROLNE
podpole kontrolne o stałej długości s pl f |000 0 pol
100 1# - NAZWA OSOBOWA
Nazwa osobowa GOODRICH, Michael T.
245 10 - TYTUŁ/ODPOWIEDZIALNOŚĆ
Tytuł Data structures and algorithms in Java /
Pozostałe elementy strefy tytułu i oznaczenia odpowiedzialności Michael T. Goodrich, Roberto Tamassia.
260 ## - STREFA ADRESU WYDAWNICZEGO
Miejsce wydania New York [etc.] :
Nazwa wydawcy/dystrybutora John Wiley,
Data publikacji, dystrybucji/powstania dokumentu cop.1998.
300 ## - STREFA OPISU FIZYCZNEGO
Objętość XVIII, 738 s. :
Inne cechy fizyczne rys. ;
Rozmiary 24 cm +
Dokument towarzyszący CD ROM.
490 1# - STREFA SERII I DOKUMENTU WIELOCZĘŚCIOWEGO - FORMA NIE DO WYSZUKIWANIA
Tytuł i oznaczenie odpowiedzialności serii Worldwide Series in Computer Science
504 ## - UWAGA DOTYCZĄCA BIBLIOGRAFII
Informacje o bibliografii Indeks.
650 #9 - HASŁO PRZEDMIOTOWE W FORMIE NAZWY OGÓLNEJ LUB JEDNOSTKOWEJ
Nazwa ogólna lub geograficzna Java (język programowania)
655 ## - TERMIN INDEKSOWY - OKREŚLENIE RODZAJU/FORMY DOKUMENTU
Określenie rodzaju/formy dokumentu Podręczniki
700 1# - HASŁO DODATKOWE - NAZWA OSOBOWA
Nazwa osobowa TAMASSIA, Roberto
830 ## - HASŁO DODATKOWE SERII LUB DOKUMENTU WIELOCZĘŚCIOWEGO - TYTUŁ UJEDNOLICONY
Tytuł ujednolicony Worldwide Series in Computer Science
856 ## - LOKALIZACJA I DOSTĘP DO ELEKTRONICZNYCH DOKUMENTÓW ZDALNYCH
Link (URL) http://koha.tu.koszalin.pl/cgi-bin/koha/opac-detail.pl?biblionumber=46125
Tekst linku Katalog online BPK
942 ## - DODATKOWE ELEMENTY (KOHA)
Typ dokumentu Książka
Egzemplarze
Wycofany Status egzemplarza Uszkodzony Dostępność Lokalizacja stała Lokalizacja bieżąca Miejsce przechowywania Sygnatura Kod kreskowy Typ dokumentu
      Dostępny Biblioteka Politechniki Koszalińskiej Biblioteka Politechniki Koszalińskiej Wypożyczalnia BG 75738 02252131 Książka
© 2023 Biblioteka Politechniki Koszalińskiej :: KOHA